| 000 | 01133nam a22002537a 4500 | ||
|---|---|---|---|
| 005 | 20110913152830.0 | ||
| 008 | 110913t xxu||||| |||| 00| 0 mar d | ||
| 010 | _aMAR-21454 | ||
| 020 |
_c48.00 _a8187615656 |
||
| 035 | _aMR-14112 | ||
| 037 | _bDBAD/PUB | ||
| 040 |
_aDPL _bMR |
||
| 082 | _a891.461 | ||
| 100 |
_934729 _aडोरले,अशोक |
||
| 245 |
_aफिर्यादी / _cअशोक डोरले |
||
| 246 |
_aFiryadi _bby Ashok Dorale |
||
| 260 |
_aपरभणी _bप्रतिभास प्रकाशन _c2008 |
||
| 270 |
_bपरभणी _a'तारांगण' परतानी हॉस्पिटलसमोर,बसस्थानक परिसर , _e431401 |
||
| 300 |
_a90पृ. _c21सेमी(अजिल्द) |
||
| 650 |
_aमराठी कवितासंग्रह _935562 |
||
| 650 |
_aMarathi Poetry _935563 |
||
| 942 |
_2ddc _cMR _mडोरले _h891.461 |
||
| 999 |
_c57754 _d57754 |
||